000 01167ncm0a2200337 4500
001 RU\NLR\ONIZ\211297
005 20250624195420.0
010 _a5-901474-03-1
021 _aRU
_b06-88
_906-3
035 _aRU\NLR\ONIZ\Таня\5000001692\20150415111021
035 _a(NLR Aleph) 010890887
090 _a10552733
_c10552733
100 _a20140801d2003 |||y0rusy50 ca
101 0 _arus
102 _aRU
125 _axx
200 1 _aАккорды для игры на шестиструнной гитаре
_bНоты
_eсправ. пособие
_fсост. С. В. Колмыков
210 _aПенза
_cЭмузин
_d2003
215 _a80 с.
_d20 см
606 1 _aГитара классическая
_xАккорды
_yРоссия
_z20-21 век
_2nlr_sh
686 _aЩ956.419.1(2Р=Рус)
_vLBC/SL
_2rubbk
702 1 _aКолмыков
_bС. В.
_4340
801 0 _aRU
_bNLR
_c20140801
_gPSBO
801 1 _aRU
_bNLR
_c20140801
_2rusmarc
801 2 _aRU
_bNLR
_c20190630
852 _aNLR
_bМ
_jК-2/4357
_pМОЭ 2006-3/88
_t1
852 _aNLR
_bМ
_jК-2/4357а
_pМОЭ 2006-3/88а
_t2
942 _cSCORE
980 _aNB
980 _aONIZ